Śrībhāsapraṇītaṃ Pratimā-nāṭakam. (Record no. 63447)
[ view plain ]
| 000 -LEADER | |
|---|---|
| fixed length control field | 00671cam a22002411 4500 |
| 001 - CONTROL NUMBER | |
| control field | sa 65003939 |
| 003 - CONTROL NUMBER IDENTIFIER | |
| control field | DLC |
| 005 - DATE AND TIME OF LATEST TRANSACTION | |
| control field | 20260227112127.0 |
| 008 - FIXED-LENGTH DATA ELEMENTS--GENERAL INFORMATION | |
| fixed length control field | 900221s1961 ii 000 0 sano |
| 010 ## - LIBRARY OF CONGRESS CONTROL NUMBER | |
| LC control number | sa 65003939 |
| 035 ## - SYSTEM CONTROL NUMBER | |
| System control number | (OCoLC)21105018 |
| 040 ## - CATALOGING SOURCE | |
| Original cataloging agency | DLC |
| Transcribing agency | WaU |
| Modifying agency | DLC |
| 042 ## - AUTHENTICATION CODE | |
| Authentication code | premarc |
| 050 00 - LIBRARY OF CONGRESS CALL NUMBER | |
| Classification number | PK3791.B3 |
| Item number | P7 |
| 100 0# - MAIN ENTRY--PERSONAL NAME | |
| Personal name | Bhāsa. |
| 245 10 - TITLE STATEMENT | |
| Title | Śrībhāsapraṇītaṃ Pratimā-nāṭakam. |
| 260 ## - PUBLICATION, DISTRIBUTION, ETC. | |
| Date of publication, distribution, etc. | [1961] |
| 300 ## - PHYSICAL DESCRIPTION | |
| Extent | 27, 204 p. |
| Dimensions | 19 cm. |
| 490 1# - SERIES STATEMENT | |
| Series statement | Haridas Sanskrit granthamala ; |
| Volume/sequential designation | 208 |
| 500 ## - GENERAL NOTE | |
| General note | In Sanskrit; introd. in Hindi. |
| 700 1# - ADDED ENTRY--PERSONAL NAME | |
| Personal name | Miśra, Rāmacandra, |
| Dates associated with a name | 1911- |
| 830 #0 - SERIES ADDED ENTRY--UNIFORM TITLE | |
| Uniform title | Haridasā-Saṃskr̥ta-granthamālā ; |
| Volume/sequential designation | 208. |
No items available.